000 00880nam a2200253 i 4500
001 12547
003 ES-MaACL
005 20250808040850.0
007 t|
008 960723s1996 sp a |||| | spa j
020 _a84-206-7136-3
080 _a75.036.7(73)
100 1 _aSandler, Irving.
_9103097
245 1 3 _aEl triunfo de la pintura norteamericana
_b: historia del expresionismo abstracto /
_cIrving Sandler ; versión española de Javier Sánchez García-Gutiérrez.
260 _aMadrid :
_bAlianza Editorial,
_c[1996]
300 _a351 p :
_bil. col. y n. ;
_c23 cm.
490 1 _aAlianza forma ;
_v136
504 _aBibliografía: p. [323]-346.
650 1 4 _aExpresionismo-
_zEstados Unidos.
_912701
700 1 _aSánchez García-Gutiérrez, Javier.
_9102664
830 0 0 _aAlianza forma
_v136
_9177869
852 _aES-MaACL
_jL-19879
999 _c12547
_d12547